Účtovné zobrazenie rezerv a opravných položiek v konkrétnej podnikateľskej účtovnej jednotke diplomová práca

Guardado en:
Detalles Bibliográficos
Autor principal: Šubínová, Kristína
Autor Corporativo: Fakulta hospodárskej informatiky EU. Katedra účtovníctva a audítorstva
Otros Autores: Silná, Renáta, 1981-
Formato: Libro
Lenguaje:eslovaco
Publicado: Bratislava 2011
Etiquetas: Agregar Etiqueta
Sin Etiquetas, Sea el primero en etiquetar este registro!

MARC

LEADER 00000nbm a2200000 4500
001 0132272
005 20161109101803.0
041 0 |a slo 
044 |a SK 
245 1 0 |a Účtovné zobrazenie rezerv a opravných položiek v konkrétnej podnikateľskej účtovnej jednotke  |b diplomová práca  |c Kristína Šubínová ; školiteľ: Renáta Silná 
264 1 |a Bratislava  |c 2011 
300 |a 60 s. 
100 1 |a Šubínová, Kristína 
700 1 |a Silná, Renáta, 1981- 
710 2 |a Fakulta hospodárskej informatiky EU. Katedra účtovníctva a audítorstva